Les joueurs transférés au FC Barcelone (depuis 2000) - Statistiques

Statistiques générales
  • Ce quiz a été pris 1 025 fois
    976 depuis la dernière actualisation
  • Le résultat moyen est 23 sur 60
Statistiques - réponses
Prix en millions Année Joueurs % Correct
105 2017 Ousmane Dembele
95%
120 2017 Philippe Coutinho
93%
120 2019 Antoine Griezmann
92%
57,1 2013 Neymar
92%
81,25 2014 Luis Suarez
91%
75 2019 Frenkie De Jong
75%
12 2014 Marc André Ter Stegen
71%
25 2016 Samuel Umtiti
71%
24 2004 Samuel Eto'o
69%
27 2003 Ronaldinho
68%
29 2008 Dani Alves
67%
18 2014 Ivan Rakitic
67%
24 2007 Thierry Henry
66%
14 2012 Jordi Alba
65%
35,9 2018 Clément Lenglet
64%
46 2009 Zlatan Ibrahimovic
62%
40 2010 David Villa
61%
18 2015 Aleix Vidal
50%
19 2018 Arturo Vidal
50%
30 2017 Nelson Semedo
49%
40 2017 Paulinho
48%
15 2007 Eric Abidal
46%
19 2010 Javier Mascherano
46%
20 2014 Jeremy Mathieu
44%
31 2018 Arthur Melo
43%
12 2014 Claudio Bravo
43%
26 2011 Alexis Sanchez
42%
34 2011 Cesc Fabregas
41%
35 2016 Andre Gomes
40%
16,5 2016 Lucas Digne
40%
34 2015 Arda Turan
36%
21 2004 Deco
36%
41 2018 Malcom
36%
26 2019 Neto
30%
14 2008 Seydou Keita
30%
30 2016 Paco Alcacer
26%
13 2016 Jasper Cillessen
25%
19 2012 Alex Song
24%
11,8 2017 Yerry Mina
21%
18 2019 Junior Firpo
19%
18 2014 Thomas Vermaelen
19%
12 2017 Gerard Deulofeu
18%
14 2000 Emmanuel Petit
14%
13 2013 Bojan
11%
14 2006 Gianluca Zambrotta
11%
35,9 2001 Javier Saviola
11%
17 2007 Gabriel Milito
10%
40 2000 Marc Overmars
9%
11,8 2008 Alexander Hleb
7%
12 2019 Emerson Aparecido
7%
22 2000 Gerard Lopez
6%
10 2002 Juan Roman Riquelme
6%
16,25 2003 Ricardo Quaresma
6%
12 2006 Eidur Gudjohnsen
5%
25 2009 Dmytro Chygrynskiy
4%
15 2001 Philippe Christanval
4%
16,5 2000 Alfonso Perez
2%
16,5 2008 Martin Caceres
2%
21 2001 Geovanni
1%
14 2009 Keirrison
1%
Aucun quiz correspondant
Distribution des résultats
% des personnes avec chaque résultat
Percentile par nombre de réponses
Votre historique - résultats
Vous n’avez pas pris ce quiz depuis la dernière actualisation